[Event "WSTCC-50 2020"]
[Site "Prague"]
[Date "2020.03.08"]
[Round "3.4"]
[White "Burnett, Andrew"]
[Black "Tolstikh, Nikolay"]
[Result "0-1"]
[WhiteElo "2138"]
[BlackElo "2320"]
[Annotator "TA"]
[PlyCount "111"]
[EventDate "2020.03.06"]
[EventType "team-tourn"]
[EventCountry "CZE"]
[SourceTitle "playchess.com"]
[Source "ChessBase"]
[SourceQuality "1"]

{[%evp 11,111,-11,38,20,51,52,68,52,83,70,72,56,72,59,54,56,65,37,46,39,39,31,48,0,0,-4,-5,-86,-3,-37,0,0,0,0,0,0,0,0,0,0,0,0,0,0,0,0,0,-4,-4,-5,-8,-8,-9,-9,0,0,0,0,-1,-6,-3,-12,0,0,0,-8,-3,-7,-1,-1,-1,-29,-8,-9,0,-25,-27,-27,0,-28,-28,-127,-122,-88,-88,-134,-8,-8,0,-10,-11,-151,-146,-326,-272,-29968,-29969,-29970,-29971,-29971,-29972,-29972]} 1. d4 d5 2. c4 dxc4 3. e4 Nc6 4. Be3 Nf6 5. f3 e5 6. d5 Ne7 7. Bxc4 {D20: Queen's Gambit Accepted: 3 e3 and 3 e4.} Ng6 8. Ne2 Bd6 9. Bb5+ {[#] White is slightly better.} Kf8 $146 ({Predecessor:} 9... Nd7 10. Nbc3 a6 11. Bd3 Qh4+ 12. g3 Qh3 13. Qd2 Nc5 14. O-O-O b5 15. Bc2 Qd7 {1-0 (47) Varga,P (2435)-Meszaros,A (2306) Sarospatak 2000}) 10. Qd2 a6 11. Bd3 Kg8 12. Nbc3 Bd7 13. a3 Rc8 14. Rc1 h5 15. Nd1 h4 16. Nf2 Nh5 17. Bg5 Be7 18. Bxe7 Qxe7 19. Qa5 (19. Bc4 $11) 19... Qd6 (19... Nhf4 $17 20. Rg1 c6) 20. Qc5 Nhf4 21. Nxf4 Qxc5 22. Rxc5 Nxf4 23. O-O Rh6 {And now ...Rg6 would win.} 24. Rfc1 Rg6 25. Bf1 Nxg2 26. Bxg2 h3 $1 27. Nxh3 Bxh3 28. R1c2 Kf8 29. Kf1 Rxg2 30. Rxg2 $11 {[%mdl 4096] Endgame KRR-KRB} Ke7 31. Kf2 Bxg2 32. Kxg2 {KR-KR} Kd7 33. Kg3 Rh8 34. Rc2 Rh6 35. f4 exf4+ 36. Kxf4 c6 37. dxc6+ Rxc6 38. Rg2 g6 39. h4 Rc5 40. Rd2+ Ke6 41. Rg2 Rc1 42. Rh2 Rc5 43. Rg2 a5 44. Rd2 b5 45. Rg2 Rh5 46. Kg4 {[#]} (46. Rg4 $1 $11 {was the only way to keep the balance.}) 46... Ke5 $1 $17 47. Rf2 Rh7 ({Don't play} 47... Kxe4 $6 48. Rxf7 Rf5 49. Rb7 $11) 48. Re2 a4 ({Black should try} 48... f6 $17 49. Rd2 Kxe4) 49. b3 $1 $11 f6 50. bxa4 bxa4 {...Rc7 is the strong threat.} 51. Rb2 {[#]} (51. Rg2 $1 $11) 51... Rd7 $1 $17 ({And not} 51... Kxe4 52. Rb4+ Kd5 53. Rxa4 $11) 52. Rb4 $2 {White does not recover from this.} (52. Rb8 $17 {was the only chance.}) 52... Rd4 $19 53. Rxd4 $2 (53. Rb5+ $19 Kxe4 54. Ra5) 53... Kxd4 {Black mates.} 54. Kf4 Kc3 55. e5 fxe5+ 56. Kxe5 {Accuracy: White = 64%, Black = 81%.} 0-1

[Event "WSTCC-50 2020"]
[Site "Prague"]
[Date "2020.03.08"]
[Round "3.5"]
[White "Shabalov, Alexander"]
[Black "Priehoda, Vitezslav"]
[Result "1-0"]
[WhiteElo "2524"]
[BlackElo "2337"]
[Annotator "TA"]
[PlyCount "65"]
[EventDate "2020.03.06"]
[EventType "team-tourn"]
[EventCountry "CZE"]
[SourceTitle "playchess.com"]
[Source "ChessBase"]
[SourceQuality "1"]

{[%evp 11,65,10,8,4,15,12,16,12,24,0,18,0,0,0,22,8,33,25,64,32,64,60,74,21,33,16,3,6,93,82,179,161,137,-84,-74,-160,-156,-163,-141,-158,-170,-153,99,108,97,91,29975,29974,29986,29987,29994,29995,29997,29998,29998,29999]} 1. d4 d5 2. c4 e6 3. Nf3 Nf6 4. Nc3 Bb4 5. Qa4+ Nc6 6. e3 O-O 7. Qc2 $1 {[%mdl 4] outshines the older 7.Bd2. Played by Jan Krzysztof Duda in February 2020. D38: Queen's Gambit Declined: Ragozin Defence (4 Nf3 Bb4).} Re8 8. Bd2 a6 9. a3 {The position is equal.} Bf8 10. h3 h6 11. cxd5 exd5 12. Bd3 {[#]} g6 $146 ({Predecessor:} 12... Bd6 13. g4 Ne7 14. O-O-O g6 15. Rdg1 Kg7 16. g5 hxg5 17. Nxg5 Rh8 18. h4 Qe8 {1-0 (37) Vardan,N (2346)-Pranav,A (2361) Delhi 2019}) 13. g4 Be6 14. O-O-O Na5 15. Be1 Nc4 16. g5 Ne4 17. Bxc4 (17. Nxe4 $16 dxe4 18. Bxc4 exf3 19. gxh6) 17... Nxc3 $11 18. Bxc3 {Threatens to win with Bd3.} dxc4 19. e4 c6 (19... b5 $11) 20. Qd2 $16 Bc8 (20... hxg5 $16 {was called for.} 21. d5 cxd5) 21. gxh6 {Hoping for Qf4.} Rxe4 22. h4 $2 (22. h7+ Kxh7 23. Ng5+ Qxg5 $1 $14 {[%mdl 512]}) (22. d5 $16 {keeps the pressure on.}) 22... Qd5 $1 $17 {...Bg4 is the strong threat.} 23. h5 ({Better is} 23. h7+ Kh8 24. h5) 23... Bg4 {[%mdl 64] Double Attack} (23... gxh5 24. h7+ $1 {[%mdl 512]} Kh8 25. Ne5 $16) 24. Ne5 Bxd1 ({Weaker is} 24... gxh5 25. f3 $14) 25. h7+ Kh8 26. Rxd1 Bg7 $2 ({Stronger than} 26... Kxh7 27. hxg6+ fxg6 28. Rh1+ Kg8 29. f3 $11) (26... gxh5 $17 {stays on course. Strongly threatening ...Bg7.} 27. f3 Rxe5 $1 {[%mdl 512]} 28. dxe5 Qxd2+ 29. Bxd2 Bg7) 27. hxg6 $16 fxg6 {[%cal Rg7e5] [#]} ({Wrong is} 27... Bxe5 $2 28. dxe5 Qxd2+ 29. Kxd2 $18) 28. Qg5 $1 {[%cal Rg5g6] [#]} Bxe5 $4 {[%mdl 8192] Now Black is done in.} (28... Rxe5 $1 $16 {[%mdl 512]} 29. dxe5 Qe4) 29. dxe5 {White mates.} Qe6 30. Rd6 Qf5 31. e6+ Kxh7 32. Rd7+ {[%mdl 64] Double Attack} Kg8 33. Rg7+ {[%mdl 64] Double Attack. Accuracy: White = 74%, Black = 50%.} 1-0

[Event "WSTCC-50 2020"]
[Site "Prague"]
[Date "2020.03.08"]
[Round "3.6"]
[White "Zpevak, Pavel"]
[Black "Kaidanov, Gregory"]
[Result "0-1"]
[WhiteElo "2344"]
[BlackElo "2546"]
[Annotator "TA"]
[PlyCount "120"]
[EventDate "2020.03.06"]
[EventType "team-tourn"]
[EventCountry "CZE"]
[SourceTitle "playchess.com"]
[Source "ChessBase"]
[SourceQuality "1"]

{[%evp 16,120,18,6,27,0,25,25,20,19,31,10,20,-20,24,23,14,19,23,6,12,6,4,0,8,0,0,0,0,0,14,0,0,0,0,3,9,9,1,11,9,2,22,8,15,11,15,0,8,0,0,-30,-30,-72,-52,-64,-36,-101,-91,-152,-192,-414,-412,-392,-367,-649,-613,-1001,-774,-764,-761,-720,-764,-585,-426,-386,-413,-423,-433,-420,-425,-447,-437,-444,-420,-389,-438,-429,-433,-437,-399,-1076,-968,-3113,-2570,-29967,-29968,-29965,-29969,-29970,-29972,-29973,-29971,-29977,-29977,-5689,-5189]} 1. Nf3 d5 2. g3 g6 3. Bg2 Bg7 4. d4 e6 5. c4 Ne7 6. cxd5 exd5 7. O-O O-O 8. Nc3 Nbc6 9. Bf4 Be6 {A13: English Opening: 1...e6.} 10. Bg5 {[#]} f6 $146 ({Predecessor:} 10... h6 11. Bxe7 Nxe7 12. b4 Nf5 13. e3 c6 14. Nd2 a5 15. a3 Nd6 16. Qb3 axb4 17. axb4 {½-½ (46) Dzindzichashvili,R (2550)-Giorgadze,G New York 1993}) 11. Bd2 Qd7 {White has an edge.} 12. Rc1 Kh8 13. Na4 b6 14. b4 {[%cal Bb2b4,Bb4b5][%mdl 32]} a5 15. b5 Na7 $1 {[%cal Bc6a7,Ba7c8,Bc8d6,Bd6e4][%mdl 32]} 16. Nc3 Nac8 17. Ne1 Nd6 18. Nd3 g5 19. Qb3 Ne4 20. Rfd1 Nf5 21. e3 Rad8 22. Be1 Qf7 23. Qc2 Nfd6 24. a4 Rd7 25. Ne2 Nc4 26. Nb2 Ned6 27. Nxc4 Nxc4 28. Nc3 Nd6 29. Qb3 {[%cal Rg2d5]} Ne4 30. Ne2 Re8 31. Rc6 Bf8 32. Rdc1 f5 33. Nc3 Bd6 34. f3 Nf6 35. Bf2 f4 36. Re1 {[#]} (36. Qa2 $15) 36... Rde7 $1 $17 {Black converts the advantage convincingly.} 37. Nd1 (37. Rxd6 $142 cxd6 38. exf4 gxf4 39. Qa3) 37... Bd7 38. Rc1 $2 (38. Rxd6 cxd6 39. Qa3) 38... g4 $19 39. e4 {With the idea e5.} gxf3 40. e5 $2 {[#]} (40. Bxf3 dxe4 41. Qxf7 Rxf7 42. Bg2) 40... fxg2 41. Nc3 Bb4 {Hoping for ...fxg3.} 42. exf6 Rxe1+ 43. Rxe1 Rxe1+ 44. Bxe1 f3 45. Bf2 Qxf6 46. Qxd5 Qf5 47. Qxf5 Bxf5 {[%mdl 4096] Endgame KBB-KBN} 48. Nd5 Bd6 49. Be3 Be6 50. Nc3 Bb3 51. Ne4 Bxa4 52. Nxd6 cxd6 {KB-KB} 53. d5 $2 (53. Kf2 Bxb5 54. d5) 53... Bxb5 54. Bxb6 a4 55. Bc7 Bc4 56. Bxd6 Bxd5 57. Kf2 Kg7 58. Bc5 Kf6 59. g4 Kg5 60. Kg3 a3 {[%mdl 64] Promotion. Accuracy: White = 59%, Black = 92%.} 0-1

[Event "WSTCC-50 2020"]
[Site "Prague"]
[Date "2020.03.08"]
[Round "3.7"]
[White "Novikov, Igor"]
[Black "Polasek, Jaroslav"]
[Result "1-0"]
[WhiteElo "2551"]
[BlackElo "2365"]
[Annotator "TA"]
[PlyCount "69"]
[EventDate "2020.03.06"]
[EventType "team-tourn"]
[EventCountry "CZE"]
[SourceTitle "playchess.com"]
[Source "ChessBase"]
[SourceQuality "1"]

{[%evp 15,69,46,66,49,43,47,52,60,67,61,57,67,61,62,60,70,82,85,76,76,76,76,76,68,80,80,80,80,80,81,79,81,81,79,78,76,83,93,92,44,76,64,83,83,83,83,83,83,83,85,697,694,660,660,566,566]} 1. d4 e6 2. c4 f5 3. g3 Nf6 4. Bg2 Be7 5. Nf3 O-O 6. O-O d6 7. Nc3 Qe8 8. Re1 Nc6 {8...Ne4 is a critical line.} 9. e4 {A97: Classical Dutch: Fluid Systems: 7 Nc3 Qe8.} fxe4 10. Nxe4 Nxe4 11. Rxe4 {White is slightly better.} Bf6 12. d5 {[#]} Nd8 $146 ({Predecessor:} 12... Ne5 13. Nd4 exd5 14. cxd5 Qg6 15. Ne6 Bxe6 16. dxe6 Be7 17. Rb4 Nd3 18. Rxb7 Rxf2 19. Rxc7 Rxg2+ 20. Kxg2 {½-½ (26) Gimeno Diaz,F-Arranz Fraile,J Pamplona 2001}) 13. dxe6 Nxe6 14. Ng5 Bxg5 15. Bxg5 {[%mdl 64] Pin} Qf7 16. Be3 Bd7 17. Qd5 b6 18. b4 Rae8 19. c5 bxc5 20. bxc5 Nxc5 21. Rxe8 Rxe8 22. Bxc5 Be6 23. Qc6 dxc5 24. Qxc5 Bxa2 25. h4 Qc4 26. Qxa7 Bb3 27. Ra5 Qc1+ 28. Kh2 Qc2 29. Qd4 $40 {[%mdl 128] Hoping for Rg5! White has strong attack.} Rf8 30. f4 Qg6 31. Rc5 Qb6 32. Qe5 {Threatens to win with Rb5.} Rf7 $2 {[%mdl 8192] [#]} (32... Bf7 $16) 33. Rb5 $1 $18 {[%cal Rb5b6] White is clearly winning.} Qe6 34. Rb8+ Rf8 {[#]} 35. Rxb3 $1 {[%mdl 512] Accuracy: White = 95%, Black = 85%.} 1-0

[Event "WSTCC-50 2020"]
[Site "Prague"]
[Date "2020.03.08"]
[Round "3.8"]
[White "Vrbata, Zbynek"]
[Black "Yermolinsky, Alex"]
[Result "1/2-1/2"]
[WhiteElo "2350"]
[BlackElo "2487"]
[Annotator "TA"]
[PlyCount "27"]
[EventDate "2020.03.06"]
[EventType "team-tourn"]
[EventCountry "CZE"]
[SourceTitle "playchess.com"]
[Source "ChessBase"]
[SourceQuality "1"]

{[%evp 21,27,-2,0,-12,0,0,0,-9]} 1. d4 Nf6 2. c4 e6 3. Nc3 Bb4 4. Nf3 c5 5. g3 cxd4 6. Nxd4 O-O 7. Bg2 d5 8. cxd5 Nxd5 9. Bd2 Bxc3 10. bxc3 e5 11. Nb3 Nc6 {[#] The position is equal.} 12. Rc1 $146 {E20: Nimzo-Indian: 4 g3 and 4 f3.} ({Predecessor:} 12. O-O Nb6 13. Be3 Nc4 14. Bc5 Re8 15. Qc2 Qc7 16. f4 exf4 17. Rxf4 Be6 18. Bf2 N4e5 19. Nc5 Ng6 20. Ra4 Rad8 21. Nxe6 Rxe6 {½-½ (48) Mamedyarov,S (2767)-So,W (2767) chess.com INT 2019}) 12... Nde7 13. O-O Qc7 14. Qc2 {A rather calm draw.} 1/2-1/2

[Event "WSTCC-50 2020"]
[Site "Prague"]
[Date "2020.03.08"]
[Round "3.9"]
[White "Sokolin, Leonid"]
[Black "Arkell, Keith C"]
[Result "1-0"]
[WhiteElo "2496"]
[BlackElo "2447"]
[Annotator "TA"]
[PlyCount "71"]
[EventDate "2020.03.06"]
[EventType "team-tourn"]
[EventCountry "CZE"]
[SourceTitle "playchess.com"]
[Source "ChessBase"]
[SourceQuality "1"]

{[%evp 10,71,57,53,50,57,66,60,59,62,73,41,50,40,31,28,75,52,57,56,58,32,32,25,25,25,25,25,25,25,25,25,25,25,25,25,32,-4,28,0,10,0,10,19,450,443,527,511,520,487,471,467,460,447,1150,1142,1079,1079,968,643,622,588,29990,29991]} 1. e4 d5 2. exd5 Qxd5 3. Nc3 Qd8 4. d4 Nf6 5. Nf3 Bg4 6. h3 Bxf3 {B01: Scandinavian Defence.} 7. Qxf3 c6 8. Be3 e6 {White is slightly better.} 9. Bd3 Nbd7 10. O-O Be7 11. Rad1 O-O 12. a3 Nb6 {[#]} 13. Ne2 $146 ({Predecessor:} 13. Ne4 Nbd5 14. Bc1 Nxe4 15. Qxe4 Nf6 16. Qh4 Re8 17. c3 a5 18. Rfe1 a4 19. Re5 {1-0 (57) Ahlberg,M (2017)-Kiesewetter,P (1795) Berlin 2017}) 13... Nbd5 14. Bc1 b5 15. Ng3 a5 16. c3 Qd7 17. Ne4 Nxe4 18. Bxe4 Rfd8 19. Rfe1 Rac8 20. h4 Nf6 21. Bc2 Qd5 22. Qd3 g6 23. Qg3 Qh5 24. Re5 Bd6 25. Rde1 {[#] aiming for Bg5.} Ng4 {[%mdl 64] Pin} ({Don't blunder} 25... Bxe5 $2 26. dxe5 Qg4 27. exf6 $18) 26. Bg5 $36 {[%mdl 2048] Threatens to win with f4. White has good play.} Bxe5 $4 {[%mdl 8192] This costs Black the game.} ({Avoid the trap} 26... Nxe5 $2 27. dxe5 Bc5 28. Qh3 $18) (26... h6 $1 $11 27. Bxd8 {[%mdl 64] Discovered Attack} Rxd8) 27. dxe5 $18 Rd5 {[#] White should prevent ...h6.} 28. f3 $1 {[%cal Rf3g4]} Nxe5 29. Rxe5 h6 30. Rxd5 cxd5 31. Bf6 g5 (31... d4 $142 32. Bxd4 Re8) 32. hxg5 hxg5 33. Bxg5 {White threatens Bh6+ and mate.} Kf8 34. Qd6+ Kg8 35. Qf4 {Strongly threatening Bf6.} b4 36. Bf6 {Accuracy: White = 80%, Black = 66%.} 1-0

[Event "WSTCC-50 2020"]
[Site "Prague"]
[Date "2020.03.08"]
[Round "3.10"]
[White "Flear, Glenn C"]
[Black "Dolgitser, Konstantin"]
[Result "1-0"]
[WhiteElo "2420"]
[BlackElo "2232"]
[Annotator "TA"]
[PlyCount "119"]
[EventDate "2020.03.06"]
[EventType "team-tourn"]
[EventCountry "CZE"]
[SourceTitle "playchess.com"]
[Source "ChessBase"]
[SourceQuality "1"]

{[%evp 24,119,12,12,10,0,4,13,14,7,32,0,39,15,67,65,81,70,76,43,27,32,55,64,78,49,47,51,50,40,67,56,62,64,81,54,54,54,141,45,48,48,61,25,22,13,76,43,44,44,91,80,117,95,98,37,44,0,35,12,11,9,22,22,33,16,19,13,13,9,9,9,22,8,4,0,29,37,39,55,36,19,99,99,505,305,242,201,29982,29982,29982,29984,29984,29985,29985,29986,29990,29991]} 1. d4 Nf6 2. c4 e6 3. Nc3 Bb4 4. e3 O-O 5. Bd3 c5 6. Nf3 d5 7. O-O Nc6 8. a3 cxd4 9. exd4 dxc4 10. Bxc4 Be7 11. Qd3 b6 12. Bg5 Bb7 13. Rad1 h6 {E57: Nimzo-Indian: Rubinstein: Main Line: 7...Nc6 8 a3 dxc4 9 Bxc4 cxd4.} 14. Bc1 Qc8 15. Rfe1 Rd8 {The position is equal.} 16. Ba2 {[#]} Bf8 $146 ({Predecessor:} 16... Ba6 17. Qc2 Bf8 18. Bb1 Ne7 19. Ne5 h5 20. Re3 Nf5 21. Rh3 Rxd4 22. Re1 Bd6 {0-1 (40) Saeed,I (2312)-Christiansen,J (2429) Doha 2016}) 17. Qc2 Re8 18. Qe2 g6 (18... Ba6 $11 19. Qc2 Ne7) 19. Ne5 $14 Nxe5 20. dxe5 Nd7 21. Ne4 (21. Qd3 {is more complex.} Bc6 22. Qh3 h5 23. Bb1 Qc7 24. Bg5) 21... Bxe4 $1 22. Qxe4 Bg7 23. f4 Nc5 24. Qe2 Rd8 25. Be3 Qb7 26. Bb1 {Strongly threatening Bxc5.} Qe7 27. Bc2 Rac8 28. b4 Nd7 29. Ba4 Nb8 30. Rxd8+ Rxd8 (30... Qxd8 $14 31. Rd1 Qe7) 31. Rd1 (31. Rc1 $16) 31... Rxd1+ 32. Qxd1 Bf8 33. Bb5 a6 34. Be2 Qc7 (34... a5 $11) 35. Qd4 b5 $1 36. Kf2 Be7 37. Qa7 Bd8 38. Qxc7 (38. Bf3 {keeps more tension.} Kg7 39. Qb7 g5 40. Qxc7 Bxc7 41. g3) 38... Bxc7 $16 {[%mdl 4096] Endgame [#] KBB-KBN} 39. Bc5 (39. Bf3 $1 $16) 39... Nd7 $14 40. Bd4 Nb6 (40... f6 $5) 41. Ke3 Nd5+ 42. Ke4 Kf8 43. g3 Ke8 44. Kd3 Kd7 45. Bf3 a5 46. Bc5 axb4 47. axb4 Nb6 48. g4 {Threatening Bf8.} Nd5 49. Ke4 Bd8 50. Bf8 Be7 51. Bxh6 Bxb4 52. h4 Be7 (52... f5+ $11 53. exf6 Nxf6+ 54. Kd3 Ke7) 53. h5 $16 f5+ $2 {[%mdl 8192] This costs Black the game.} (53... b4 $16 {is a better chance.} 54. Kd3 gxh5) 54. Kd4 fxg4 55. Bxd5 ({Weaker is} 55. Bxg4 gxh5 56. Bxh5 Ba3 $11) 55... exd5 $2 (55... gxh5 $18 56. Be4 b4) 56. hxg6 $18 {KB-KB. White mates.} Ke8 57. g7 Kf7 58. f5 g3 59. f6 g2 {[#]} 60. e6+ $1 {[%mdl 512] Accuracy: White = 70%, Black = 62%.} 1-0

[Event "WSTCC-50 2020"]
[Site "Prague"]
[Date "2020.03.08"]
[Round "3.11"]
[White "Koganov, Mikhail"]
[Black "McDonald, Neil"]
[Result "1/2-1/2"]
[WhiteElo "2085"]
[BlackElo "2410"]
[Annotator "TA"]
[PlyCount "94"]
[EventDate "2020.03.06"]
[EventType "team-tourn"]
[EventCountry "CZE"]
[SourceTitle "playchess.com"]
[Source "ChessBase"]
[SourceQuality "1"]

{[%evp 9,94,-27,-25,-50,-31,-22,-5,2,9,0,0,-7,-10,-7,-13,-5,32,0,0,0,9,7,16,14,73,0,0,0,0,0,0,-26,-29,-37,0,0,0,0,0,-12,0,-4,0,0,0,0,0,0,0,0,0,0,0,0,0,0,0,0,0,0,0,0,0,0,0,0,0,0,0,0,0,0,0,0,0,0,0,0,0,0,0,0,0,0,0,0,0]} 1. Nf3 f5 2. d3 d6 3. e4 e5 4. Nc3 Nc6 5. Bg5 Be7 6. Qd2 {A04: Unusual lines after 1 Nf3 and King's Indian Attack.} Nd4 {[#] Threatens to win with ...Nxf3+.} 7. Bxe7 {[#]} Nxe7 $146 (7... Nxf3+ {looks sharper.} 8. gxf3 Nxe7 9. d4 exd4 10. Qxd4 O-O) ({Predecessor:} 7... Nxf3+ 8. gxf3 Nxe7 9. Nd5 Nc6 10. O-O-O Nd4 11. Bg2 c6 12. Ne3 f4 13. Nc4 b5 {0-1 (21) Ellis,R-Kriger,J SEMI email 1998}) 8. Nxd4 exd4 9. Ne2 c5 10. exf5 Bxf5 11. Ng3 O-O 12. Be2 Ng6 13. O-O Bd7 14. f4 Qh4 {[%cal Rf8f4]} 15. f5 Ne7 16. Bf3 Rab8 (16... Nxf5 $11 17. Bxb7 Rae8) 17. Be4 (17. Qa5 $16) 17... b6 $11 18. Rae1 Kh8 19. Re2 Rf6 (19... a5 {with more complications.} 20. Qe1 Ng8 21. Bd5 Nf6 22. Be6 Ng4) 20. Qf4 Qxf4 21. Rxf4 Rbf8 (21... d5 $5 {[%cal Rd5e4]} 22. Bf3 {[#]} Ng6 $1 $15 {[%mdl 512]}) 22. Nh5 {The position is equal.} R6f7 {[%cal Rd7f5]} 23. g4 g6 24. Ng3 gxf5 (24... a5 {keeps more tension.} 25. Rf1 gxf5 26. gxf5 d5 27. Bg2 Nxf5 28. Nxf5 Rxf5 29. Rxf5 Rxf5 30. Re7 Bb5) 25. gxf5 Nxf5 (25... a5 {seems wilder.} 26. Rf1 d5 27. Bg2 Nxf5 28. Nxf5 Rxf5 29. Rxf5 Rxf5 30. Re7 Bb5) 26. Nxf5 Bxf5 27. Bxf5 Rxf5 28. Rxf5 Rxf5 {[%mdl 4096] Endgame KR-KR} 29. Re8+ Kg7 30. Rd8 Rg5+ 31. Kf2 Kf6 32. Rxd6+ Ke5 33. Rd7 Rf5+ 34. Kg2 Kf4 {Strongly threatening ...Ke3.} 35. Re7 ({Don't play} 35. Rxh7 Ke3 $17) 35... Re5 36. Rxe5 Kxe5 {KP-KP} 37. Kf3 Kf5 38. a4 a6 39. b3 h6 40. h3 b5 41. axb5 axb5 42. Kg3 Kg5 43. h4+ Kf5 $1 44. Kf3 h5 (44... b4 $5) 45. Kg3 Ke5 (45... b4 $5) 46. Kf3 Kf5 (46... b4 $5) 47. Kg3 Ke5 {Accuracy: White = 89%, Black = 92%.} (47... b4 $5) 1/2-1/2

[Event "WSTCC-50 2020"]
[Site "Prague"]
[Date "2020.03.08"]
[Round "3.12"]
[White "Plaskett, H James"]
[Black "Leverett, Bruce"]
[Result "1-0"]
[WhiteElo "2401"]
[BlackElo "2264"]
[Annotator "TA"]
[PlyCount "81"]
[EventDate "2020.03.06"]
[EventType "team-tourn"]
[EventCountry "CZE"]
[SourceTitle "playchess.com"]
[Source "ChessBase"]
[SourceQuality "1"]

{[%evp 20,81,10,7,15,5,12,0,0,0,0,0,44,27,54,55,29,29,34,30,30,30,30,30,133,128,128,123,149,119,121,104,104,86,151,93,106,103,130,120,175,183,201,219,316,312,316,314,314,277,254,277,999,975,1087,676,1809,1745,1418,636,2010,1608,29980,29981]} 1. e4 e5 2. Nf3 Nc6 3. Bb5 a6 4. Ba4 Nf6 5. O-O Nxe4 6. d4 b5 7. Bb3 d5 8. dxe5 Be6 9. Be3 Be7 10. Qe2 O-O 11. Rd1 Qd7 {C81: Open Ruy Lopez: Keres Variation (9 Qe2).} 12. c3 Rfd8 13. Bc2 {Threatens to win with Bxe4.} Bf5 {The position is equal.} 14. Bb3 Be6 15. a4 Rab8 {[#]} 16. Bc2 $146 {Hoping for axb5.} ({Predecessor:} 16. axb5 axb5 17. Nbd2 Nc5 18. Bc2 Bf5 19. Bxf5 Qxf5 20. Bxc5 Bxc5 21. Nb3 Bb6 22. Nbd4 Nxd4 23. Nxd4 Qd7 24. Qf3 c6 25. Re1 Ra8 26. h4 Bc7 27. Rxa8 Rxa8 {½-½ (25) Lu,S (2619)-Lalith,B (2529) Chengdu 2017}) 16... Bf5 17. axb5 axb5 18. Ra6 Qe8 {[#]} 19. Rxc6 $1 {[%mdl 576] Remove Defender, Decoy} Qxc6 20. Nd4 $1 {[%csl LRc6,LRf5][%mdl 64] Double Attack} Qg6 21. f3 c5 (21... Bc8 $11) 22. Nxf5 $16 ({Inferior is} 22. fxe4 Bg4 $11) 22... Qxf5 23. fxe4 Qxe5 24. Rf1 {Strongly threatening Bf4.} Qe6 25. Bf4 Rb7 26. e5 b4 (26... g6 $142) 27. Nd2 ({White should try} 27. c4) 27... bxc3 28. bxc3 Rb2 {[#]} 29. Nf3 $1 {Bxh7+! is the strong threat.} Rdb8 (29... g6 $16) 30. Bc1 $40 {[%mdl 128] White goes for the king.} R2b7 31. h3 g6 (31... Rb6 {keeps fighting.} 32. Ng5 Bxg5 33. Bxg5 c4) 32. Ng5 Bxg5 33. Bxg5 f5 34. Qd2 Rb2 35. Bf6 R2b7 $2 (35... Qf7 36. Qc1 c4) 36. Qg5 Kf8 37. h4 Ra8 38. h5 Qg8 {[#]} 39. Qe3 (39. e6 $142 $1 {[%mdl 512]}) 39... Rc7 40. e6 d4 41. Qe5 {Accuracy: White = 81%, Black = 41%.} 1-0

[Event "WSTCC-50 2020"]
[Site "Prague"]
[Date "2020.03.08"]
[Round "3.13"]
[White "Haba, Petr"]
[Black "Pekarek, Ales"]
[Result "1/2-1/2"]
[WhiteElo "2470"]
[BlackElo "2274"]
[Annotator "TA"]
[PlyCount "110"]
[EventDate "2020.03.06"]
[EventType "team-tourn"]
[EventCountry "CZE"]
[SourceTitle "playchess.com"]
[Source "ChessBase"]
[SourceQuality "1"]

{[%evp 21,110,2,12,0,0,0,40,35,27,0,5,0,28,0,0,0,0,0,0,0,0,0,16,17,58,64,88,74,85,79,95,78,97,92,113,112,146,122,137,142,164,148,153,157,150,130,140,150,112,112,124,85,85,85,87,87,89,95,84,39,180,105,162,146,300,321,256,71,72,23,27,25,89,64,76,42,104,22,21,47,228,177,177,64,64,22,24,24,26,22,166]} 1. e4 c5 2. Nf3 Nc6 3. d4 cxd4 4. Nxd4 Nf6 5. Nc3 e5 6. Ndb5 d6 7. Nd5 Nxd5 8. exd5 Nb8 9. c4 Be7 10. Be2 O-O 11. O-O Nd7 12. Kh1 {B33: Sicilian: Pelikan and Sveshnikov Variations.} a6 13. Nc3 {[#]} a5 $146 ({Predecessor:} 13... f5 14. f4 Bf6 15. Qc2 g6 16. g3 b6 17. Be3 Bb7 18. g4 e4 19. gxf5 {½-½ (19) Biolek,R (2455)-Michalik,P (2555) Czech Republic 2018}) 14. f4 {White is slightly better.} Nc5 15. Be3 exf4 16. Bxf4 Bg5 17. Bxg5 Qxg5 18. Nb5 $36 {[%mdl 2048] White is more active.} Bd7 19. Nxd6 Qe5 20. Nb5 Bxb5 21. cxb5 Rad8 22. Qc2 b6 23. Bf3 Rd6 24. Rae1 {[%cal Ba1e1,Be1e7,Be7c7,Bc7c6][%mdl 32]} Qd4 25. b3 Rfd8 26. Re7 g6 27. Qe2 Kg7 28. Rc7 Rf6 29. Rd1 Qf4 30. Rc6 Rfd6 31. Qb2+ Qf6 32. Qxf6+ Kxf6 33. Kg1 h6 34. Kf2 Ke5 35. Ke3 f5 36. Rd4 g5 {Threatens to win with ...f4+.} 37. g3 Rf8 {Strongly threatening ...f4+.} 38. Rc4 Rfd8 39. g4 f4+ 40. Kd2 R8d7 (40... Rxc6 $1 $14 41. bxc6 Kd6) 41. Kc2 (41. Rc1 $18) 41... Rd8 (41... Re7 $16 {might work better.}) 42. a3 $18 Rxd5 $2 (42... Rxc6 $16 {was necessary.} 43. bxc6 (43. dxc6 Kd6 $16) 43... Kd6) 43. Bxd5 Rxd5 $16 {[%mdl 4096] Endgame KRR-KRN} 44. Rc7 $2 (44. Rxb6 $18 {Black must now prevent Rb8.} f3 45. Rc3) 44... Ne6 45. Rf7 {aiming for Rf5+.} (45. Re7 $5 {[%cal Rc4c6]} Kf6 46. Rh7 $16) 45... Nd4+ 46. Kb2 Nxb5 (46... Rxb5 $11 {keeps the balance.} 47. Re7+ Kd6) 47. Rf5+ Kd6 48. a4 (48. Rf8 {feels hotter.} Nd4 49. Rc1 Ke6 50. Re1+ Kd7 51. Rf7+) 48... Nd4 $1 {[%cal Rd4f5]} 49. Rxd5+ (49. Rf6+ $16 Ke5 50. Rxh6 (50. Rxb6 f3 $14)) 49... Kxd5 {KR-KN} 50. Kc3 Ne6 $2 {[#]} (50... Nc6 $1 $14) 51. Rc8 $1 $18 Nc5 {[#]} 52. Re8 (52. Rb8 $1 $18) 52... Ne4+ $14 53. Kd3 Nf2+ $1 54. Ke2 Nxg4 55. h3 Nf6 {Accuracy: White = 71%, Black = 64%.} (55... Ne3 $1 $11 {and Black is okay.}) 1/2-1/2